| 000 | 00501nam a22001817a 4500 | ||
|---|---|---|---|
| 003 | OSt | ||
| 005 | 20140310182337.0 | ||
| 008 | 130925t xxu||||| |||| 00| 0 eng d | ||
| 050 |
_aHS 3316 _b.St795 1984 |
||
| 082 |
_aGS 369.4 _bSt 2 1984 |
||
| 245 | _aStar scout handbook / | ||
| 260 |
_aPrinted in the Philippines : _bClassic, _c1984. |
||
| 300 |
_a146 p. : _bill. ; _c21 p. ; |
||
| 650 |
_aScout & Scouting _921599 |
||
| 650 |
_aStar Scout handbook _921600 |
||
| 942 |
_2lcc _cBK-GS |
||
| 999 |
_c12070 _d12070 |
||